Normal view
MARC view
- Kliegman, Robert M.; Basel, Donald; Bordini, Brett J.; Toth, Heather
Entry Personal Name
001 - CONTROL NUMBER
- control field: 113399
003 - CONTROL NUMBER IDENTIFIER
- control field: NUST
005 - DATE AND TIME OF LATEST TRANSACTION
- control field: 20230706092925.0
008 - FIXED-LENGTH DATA ELEMENTS
- fixed length control field: 230706|| aca||aabn | a|a d
040 ## - CATALOGING SOURCE
- Original cataloging agency: NUST
- Transcribing agency: NUST
100 ## - HEADING--PERSONAL NAME
- Personal name: Kliegman, Robert M.; Basel, Donald; Bordini, Brett J.; Toth, Heather
670 ## - SOURCE DATA FOUND
- Source citation: Work cat.: (NUST): Kliegman, Robert M.; Basel, Donald; Bordini, Brett J.; Toth, Heather, Nelson Pediatric Symptom-Based Diagnosis /, 2018.
